Le Soudan pour les touristes... - Statistiques

Statistiques générales
  • Ce quiz a été pris 6 fois
  • Le résultat moyen est 9 sur 20
Statistiques - réponses
Question Indice Réponses % Correct
Quelles sont les langues officielles ? Arabe
100%
Ce pays est plus grand que la France (oui/non) Oui
100%
Quelles sont les langues officielles ? Anglais
83%
La religion majoritaire est Islam
83%
Quels pays ont accordé son indépendance à celui-ci ? Royaume-Uni
83%
Quels est le climat local ? T Tropical
83%
Quels pays ont accordé son indépendance à celui-ci ? Egypte
67%
Le principal aéroport est K Khartoum
67%
Quel est le régime du pays ? République
67%
Dans la capitale quel est le décalage horaire avec Paris ? (+ ou - et chiffre) ex - 10 0
50%
Le suffixe internet est sd
50%
Quelle est la monnaie ? Livre soudanaise
33%
Achats à faire 1/ Mini-pyramide de Méroé
17%
Quelles sont les principaux lieux touristiques ? M {Musée} national du Soudan
17%
Quelles sont les principaux lieux touristiques ? P {Pyramides} de Méroé
17%
Code sur les plaques minéralogiques SUD
17%
Achats à faire 2/ A mettre sur le visage Masque
0%
S Parc national de {Sanganeb}
0%
Quelles sont les principaux lieux touristiques ? G B Ruines de {Gebel Barkal}
0%
Quelles sont les principaux lieux touristiques ? N Ruines de {Naqa}
0%
Aucun quiz correspondant
Distribution des résultats
% des personnes avec chaque résultat
Percentile par nombre de réponses
Votre historique - résultats
Vous n’avez pas pris ce quiz